header

Vasopressin (Record no. 24422)

MARC details
000 -LEADER
fixed length control field 01380nam a2200349 a 4500
082 04 - DEWEY DECIMAL CLASSIFICATION NUMBER
Classification number 612.492
245 00 - TITLE STATEMENT
Title Vasopressin
260 ## - PUBLICATION, DISTRIBUTION, ETC. (IMPRINT)
Place of publication New York :
Name of publisher Novinka,
Year of publication 2013.
300 ## - PHYSICAL DESCRIPTION
Number of Pages x, 115 p. :
Other physical details ill.
490 1# - SERIES STATEMENT
Series statement Neuroscience research progress
Series statement Endocrinology research and clinical developments
650 #0 - SUBJECT ADDED ENTRY--TOPICAL TERM
Topical Term Vasopressin.
700 1# - ADDED ENTRY--PERSONAL NAME
Personal name Galella, Leonzio.
856 40 - ELECTRONIC LOCATION AND ACCESS
Uniform Resource Identifier http://site.ebrary.com/lib/rucke/Doc?id=10693645

No items available.

© 2026 Rongo University
Contact us: librarian | system librarian | Rongo university